| 000 | 01045nam a22002657a 4500 | ||
|---|---|---|---|
| 999 |
_c10708 _d10708 |
||
| 003 | AR-CdUCM | ||
| 008 | 190401b ||||| |||| 00| 0 spa d | ||
| 040 |
_aMUNICIPALIDAD PROVINCIAL DEL CUSCO _cBIBLIOTECA MUNICIPAL DEL CUSCO |
||
| 082 |
_aES / 373.700 / _bS21 |
||
| 110 |
_aSantillana _918102 |
||
| 245 | _aEducación plástica y visual 4° / | ||
| 260 |
_aMadrid : _bSantillana, _c1995. |
||
| 300 |
_a143 páginas ; _bimágenes. _c29 cm. |
||
| 505 | _aEl lenguaje plástico y visual -- Aproximación al color -- Las texturas -- El dibujo del natural -- El grabado y la estampación -- Los trazos geométricos -- Las formas la igualdad y la simetría... | ||
| 650 |
_aEducación artística. _93589 |
||
| 650 |
_aArte. _9561 |
||
| 650 |
_aDubujo. _927700 |
||
| 650 |
_aEducación plástica. _927701 |
||
| 700 |
_aMascaro Florit, Jaime (director) _927702 |
||
| 700 |
_aGimenez Rodriguez, Dolores _927703 |
||
| 700 |
_aMuñoz de la Torre, Amelia _927704 |
||
| 700 |
_aPlanelles Chapuli, Ana _927705 |
||
| 942 |
_2ddc _cLIBROS |
||
| 945 | _awfj | ||